|
|
|
|
| LEADER |
00000nam0a2200000 4500 |
| 001 |
211846 |
| 005 |
20231031192733.0 |
| 035 |
|
|
|a (RuTPU)RU\TPU\book\231441
|
| 090 |
|
|
|a 211846
|
| 100 |
|
|
|a 20120320d1974 km y0rusy50 ca
|
| 101 |
1 |
|
|a rus
|c eng
|
| 102 |
|
|
|a RU
|
| 105 |
|
|
|a a z 001zy
|
| 200 |
1 |
|
|a Конечные графы и сети
|e пер. с англ.
|f Р. Басакер, Т. Саати
|
| 210 |
|
|
|a Москва
|c Наука
|d 1974
|
| 215 |
|
|
|a 367 с.
|c ил.
|
| 320 |
|
|
|a Библиография в конце глав.
|
| 320 |
|
|
|a Терминологический словарь: с. 362-366.
|
| 610 |
1 |
|
|a теория
|
| 610 |
1 |
|
|a сети
|
| 610 |
1 |
|
|a сети
|
| 610 |
1 |
|
|a понятия
|
| 610 |
1 |
|
|a неориентированные графы
|
| 610 |
1 |
|
|a ориентированные графы
|
| 610 |
1 |
|
|a разбиения
|
| 610 |
1 |
|
|a расстояния
|
| 610 |
1 |
|
|a теорема о раскраске
|
| 610 |
1 |
|
|a матрицы
|
| 610 |
1 |
|
|a приложения
|
| 675 |
|
|
|a 519.17
|v 3
|
| 700 |
|
1 |
|a Басакер
|b Р.
|g Роберт
|
| 701 |
|
1 |
|a Саати
|b Т.
|g Томас
|
| 801 |
|
1 |
|a RU
|b 63413507
|c 20120320
|
| 801 |
|
2 |
|a RU
|b 63413507
|c 20140204
|g RCR
|
| 942 |
|
|
|c BK
|